• 首页
  • 本馆介绍
  • 公告通知
  • 最新文献
  • 馆藏检索
  • 电子资源
  • 读者导购
  • 参考咨询
  • 我的图书馆
  • 登录
  • 详细信息显示
  • 放入我的书架
  • 预约/预借图书
  • 作者相关作品
  • 分类相关作品
  • 丛书相关作品
  • 出版社相关作品

书目信息

  • 表格格式
  • 工作单格式
  • 卡片格式
题名:
微生物学名词
    
 
作者: 第二届微生物学名词审定委员会 编
分册:  
出版信息: 北京   科学出版社  2012
页数: 195
开本: 26cm
丛书名:
单 册:
中图分类: Q93-61
科图分类:
主题词: 微生物学
电子资源:
ISBN: 7-03-035918-6
000 00683nam0 2200193 450
001 1735846483
005 20170410095726.48
010    @a7-03-035918-6@b精装
100    @a20170410d km y0chiy0120 ea
101 0  @achi
200 1  @a微生物学名词@Awei sheng wu xue ming ci@f第二届微生物学名词审定委员会编@Fdi er jie wei sheng wu xue ming ci shen ding wei yuan hui bian
205    @a2版
210    @a北京@c科学出版社@d2012
215    @a195@d26cm
606 0  @a微生物学
690    @aQ93-61@v4
701  0 @a第二届微生物学名词审定委员会@Adi er jie wei sheng wu xue ming ci shen ding wei yuan hui@4编
801  0 @aCN@b大连网信软件有限公司图书馆·11@c20170410
905    @b6604226@dQ93-61@en3@f1
    
    微生物学名词/第二届微生物学名词审定委员会编.-2版.-北京:科学出版社,2012
    195;26cm
    
    
    ISBN 7-03-035918-6(精装):
    
●
相关链接 在E读中查询图书 在五车中查询图书 在当当中查询图书 在豆瓣中查询图书


正题名:微生物学名词     索取号:Q93-61/n3         预约/预借

序号 登录号 条形码 馆藏地/架位号 状态 备注
1 6604226   266042267   密集书库-生命科学系/ [索取号:Q93-61/n3] 在馆    
唐山师范学院图书馆 欢迎您!
大连网信软件有限公司© 版权所有